000 00655nam a2200277Ia 4500
005 20260324133252.0
008 008 260324s9999 xx 000 0 eng d
020 _a9780429242342
037 _aEBOOK
040 _aCRL
040 _beng
040 _cCRL
041 _2eng
041 _aeng
084 _qCRL
100 _aJehuda Yinon
_91192444
245 0 _aAdvances in Forensic Applications of Mass Spectrometry
260 _bTaylor and Francis
260 _c2003
365 _a
365 _b390
856 _uhttp://www.taylorfrancis.com/books/9780429242342
942 _cEBOOK
999 _c1791334
_d1791334